Southville International School and Colleges
Your cart is empty.
  • Cart
  • Lists
    Public lists Eva Luna New books Lux_list list_1
    Your lists Log in to create your own lists
  • Log in to your account
  • Your cookies
  • Search history
Southville International School and Colleges
  • Advanced search
  • Recent comments
  • Most popular
  • Libraries

Log in to your account

Log in with GOOGLE


If you do not have an external account, but do have a local account, you can still log in:

  1. Home
  2. MARC view: Breaking through earth science for senior high school /
Normal view MARC view ISBD view

Breaking through earth science for senior high school / (Record no. 358177)

[ view plain ]
MARC details
000 -LEADER
fixed length control field 00805nam a22002297a 4500
003 - CONTROL NUMBER IDENTIFIER
control field SISC
005 - DATE AND TIME OF LATEST TRANSACTION
control field 20180725090252.0
008 - FIXED-LENGTH DATA ELEMENTS--GENERAL INFORMATION
fixed length control field 180725b xxu||||| |||| 00| 0 eng d
020 ## - INTERNATIONAL STANDARD BOOK NUMBER
International Standard Book Number 9789719807902
050 ## - LIBRARY OF CONGRESS CALL NUMBER
Classification number QE 26
Item number .F455 2017
100 ## - MAIN ENTRY--PERSONAL NAME
Personal name Felicerta, Corazon N.
245 ## - TITLE STATEMENT
Title Breaking through earth science for senior high school /
Statement of responsibility, etc Corazon N. Felicerta; Sol Saranay M. Baguio, coordinator
260 ## - PUBLICATION, DISTRIBUTION, ETC. (IMPRINT)
Place of publication, distribution, etc Quezon City :
Name of publisher, distributor, etc C & E Publishing,
Date of publication, distribution, etc c2017.
300 ## - PHYSICAL DESCRIPTION
Extent xii, 172 pages :
Other physical details color illustrations ;
Dimensions 27 cm.
500 ## - GENERAL NOTE
General note Includes index and bibliographical references.
650 ## - SUBJECT ADDED ENTRY--TOPICAL TERM
Topical term or geographic name as entry element Physical geography
650 ## - SUBJECT ADDED ENTRY--TOPICAL TERM
Topical term or geographic name as entry element Meteorology
650 ## - SUBJECT ADDED ENTRY--TOPICAL TERM
Source of heading or term Library of Congress Subject Headings
Topical term or geographic name as entry element Earth sciences
700 ## - ADDED ENTRY--PERSONAL NAME
Personal name Baguio, Sol Saranay M.
Relator term coordinator
942 ## - ADDED ENTRY ELEMENTS (KOHA)
Source of classification or shelving scheme Library of Congress Classification
Koha item type Books
Holdings
Withdrawn status Lost status Source of classification or shelving scheme Damaged status Home library Current library Shelving location Date acquired Source of acquisition Sub Shelving location Total Checkouts Full call number Barcode Date last seen Price effective from Koha item type
    Library of Congress Classification   Luxembourg Library Luxembourg Library Teachers Reference Section 07/25/2018 Library Fund     QE 26 .F455 2017 20515 07/25/2018 07/25/2018 Books

Breaking through earth science for senior high school /

APA

Felicerta C. N., Baguio S. S. M., . (2017). Breaking through earth science for senior high school. Quezon City: C & E Publishing.

Chicago

Felicerta Corazon N, Baguio Sol Saranay M, . 2017. Breaking through earth science for senior high school. Quezon City: C & E Publishing.

Harvard

Felicerta C. N., Baguio S. S. M., . (2017). Breaking through earth science for senior high school. Quezon City: C & E Publishing.

MLA

Felicerta Corazon N, Baguio Sol Saranay M, . Breaking through earth science for senior high school. Quezon City: C & E Publishing. 2017.

  • Place hold
  • Print
  • Cite
  • Add to your cart (remove)
  • Save record
    BIBTEX Dublin Core MARCXML MARC (non-Unicode/MARC-8) MARC (Unicode/UTF-8) MARC (Unicode/UTF-8, Standard) MODS (XML) RIS
  • More searches
    Search for this title in:
    Other Libraries (WorldCat) Other Databases (Google Scholar) Online Stores (Bookfinder.com) Open Library (openlibrary.org)

Exporting to Dublin Core...

SOUTHVILLE LIBRARY

Southville International School and Colleges Library

1281 Tropical Ave. Cor. Luxembourg St., BF Homes International, Las Pinas City

Tel. No. 8256374 / 252358 Loc. 117/146

Powered by Koha